| 000 | 01271njm a22002897a 4500 | ||
|---|---|---|---|
| 005 | 20100913100347.0 | ||
| 007 | sd ammalaaahaa | ||
| 008 | 100913t xxu||||| |||| 00| 0 hin d | ||
| 028 |
_aECLP. 5716 _bHis Master's Voice |
||
| 035 | _aGR-03195 | ||
| 040 | _aSED/VEN | ||
| 100 |
_919606 _aManna Dey |
||
| 245 |
_aBoot Polish / _h[sound recording] : _cby Manna Dey, Asha Bhosle & Madhubala Zaveri ; music by Shankar Jaikishan ; lyric by Deepak |
||
| 246 | _aबूट पोलिश (मन्ना डे, आशा भोसले और मधुबाला जावेरी) | ||
| 260 |
_aDum Dum, India _bHis Master's Voice _c1980 |
||
| 300 |
_a1 sound disc [Gramophone record] : _banalog, 33.1/3 rpm _c12 in. (LP) _fGramophone record |
||
| 500 | _aBrief record. | ||
| 500 | _aHis Master's Voice | ||
| 500 | _aOrange | ||
| 505 | _aPart.1 Thahar zara o jane wale (Boot Polish) (Manna Dey, Asha Bhosle & Madhubala Zaveri), Part. 2 Raat gai phir din aata hai | ||
| 650 |
_xExcerpts _zIndia _919607 _aClassical Music _vFilmi song |
||
| 700 |
_920331 _aBhosle, Asha |
||
| 700 |
_aZaveri, Madhubala _921122 |
||
| 700 |
_aShankar Jaikishan _921123 |
||
| 942 |
_2ddc _cGR |
||
| 999 |
_c47460 _d47460 |
||